Biggest cities of famous mediterranean subdivisions - Statistics

General Stats
  • This quiz has been taken 24 times
  • The average score is 18 of 27
Answer Stats
Population City % Correct
3.146.164 Athens
100%
15.244.936 Istanbul
95%
1.655.956 Barcelona
91%
873.076 Marseille
91%
911.697 Naples
91%
804.121 Valencia
91%
250.369 Venice
91%
5.362.517 Alexandria
86%
316.212 Bari
86%
1.650.000 Beirut
86%
561.947 Genoa
86%
628.894 Palermo
86%
2.948.160 Izmir
82%
348.085 Nice
82%
587.068 Malaga
73%
802.392 Thessaloniki
68%
199.400 Trieste
68%
298.209 Catania
64%
1.322.766 Antalya
59%
217.895 Messina
59%
147.378 Cagliari
50%
153.186 Livorno
45%
200.665 Almeria
32%
196.937 Patras
32%
156.153 Marbella
23%
342.074 Izmit
9%
768.467 Gebze
5%
No matching quizzes found
Score Distribution
Percent of People with Each Score
Percentile by Number Answered
Your Score History
You have not taken this quiz